ბათუმის შოთა რუსთაველის სახელმწიფო უნივერსიტეტის ბიბლიოთეკა

ენის სწავლების ტექნოლოგიები სტუდენტთა ინდივიდუალური თავისებურებების გათვალისწინებით / (ბიბ.ჩანაწერი № 52044)

000 -ლიდერი
ფიქსირებული სიგრძის საკონტროლო ველი 01692nam a2200253Ia 4500
001 - საკონტროლო ნომერი
საკონტროლო ველი 19048
003 - საკონტროლო ნომრის იდენტიფიკატორი
საკონტროლო ველი GE_BSU
005 - ბოლო ოპერაციის თარიღი და დრო
საკონტროლო ველი 20210421172405.0
008 - ფიქსირებული სიგრძის მონაცემთა ელემენტები - ზოგადი ინფორმაცია
ფიქსირებული სიგრძის საკონტროლო ველი 181216s2013||||ge |||||||||||||| ||geo||
040 ## - კატალოგიზაციის წყარო
Transcribing agency GE_BSU
041 ## - ენის კოდი
Language code of text/sound track or separate title geo
080 ## - უნივერსალური ათობითი კლასიფიკაციის ინდექსი
Universal Decimal Classification number 81 მ-74
100 ## - მთავარი ჩანაწერი - პიროვნების სახელი
Personal name მიქელაძე, ნინო
9 (RLIN) 11503
245 ## - ცნობა სათაურის შესახებ
Title ენის სწავლების ტექნოლოგიები სტუდენტთა ინდივიდუალური თავისებურებების გათვალისწინებით /
Statement of responsibility, etc ნინო მიქელაძე; სამეცნიერო ხელმძღვანელი ნ. იმედაძე. ნ. სტამბოლიშვილი; ბათუმის შოთა რუსთაველის სახ-ფო უნ-ტი.
264 ## - წარმოების, გამოცემის, დისტრიბუციის და სხვა ცნობები
გამოცემის, წარმოების, დისტრიბუციის... ადგილი ბათუმი,
გამოცემის, წარმოების, დისტრიბუციის... თარიღი 2013.
300 ## - ფიზიკური აღწერა
Extent 161 გვ. ;
Other physical details 30 სმ.
653 ## - INDEX TERM--UNCONTROLLED
Uncontrolled term დისერტაცია
653 ## - INDEX TERM--UNCONTROLLED
Uncontrolled term ენათმეცნიერება
653 ## - INDEX TERM--UNCONTROLLED
Uncontrolled term ენის სწავლების ტექნოლოგიები სტუდენტთა ინდივიდუალური თავისებურებების გათვალისწინებით
700 ## - ADDED ENTRY--PERSONAL NAME
Personal name იმედაძე, ნ.
Relator term სამეცნიერო ხელმძღვანელი
9 (RLIN) 11504
700 ## - ADDED ENTRY--PERSONAL NAME
Personal name სტამბოლიშვილი, ნ.
Relator term სამეცნიერო ხელმძღვანელი
9 (RLIN) 11389
710 ## - ADDED ENTRY--CORPORATE NAME
Corporate name or jurisdiction name as entry element ბათუმის შოთა რუსთაველის სახ-ფო უნ-ტი.
9 (RLIN) 11505
942 ## - ADDED ENTRY ELEMENTS (KOHA)
Koha item type წიგნი
Source of classification or shelving scheme
ეგზემპლარები
ჩამოწერის სტატუსი დაკარგული ეგზემპლარის სტატუსი კლასიფიკაციის წყარო ან თაროზე გაწყობის სქემა დაზიანების სტატუსი არ გაიცემა მუდმივი მდებარეობა (დაცვის ადგილი) ამჟამინდელი ადგილსამყოფელი შეძენის თარიღი სრული შენახვის შიფრი შტრიხკოდი ბოლო ოპერაციის თარიღი ეგზემპლარის მიმდევრობითი ნომერი (კეტერი?) ფასის ძალაში შესვლის თარიღი ეგზემპლარის სახეობა
          ბათუმის შოთა რუსთაველის სახელმწიფო უნივერსიტეტის მთავარი ბიბლიოთეკა ბათუმის შოთა რუსთაველის სახელმწიფო უნივერსიტეტის მთავარი ბიბლიოთეკა 2018-12-17 81 მ-74 173 დისერტ. 2018-12-17 173 2018-12-17 დისერტაცია